000 01969cam a22004094i 4500
003 PE-LiUPU
005 20250731183422.0
008 150625s r 000 0 d
020 _a968247485X
035 _a(Sirsi) i9789682474859
040 _aPE-LiUPU
_bspa
_cPE-LiUPU
_erda
049 _aPRUA
082 0 4 _a720.284
_bW55
_221
100 1 _aWhite, Edward T.,
_eautor.
245 1 0 _aManual de conceptos de formas arquitectónicas /
_cEdward T. White.
250 _a3a
264 1 _aMéxico :
_bTrillas,
_c2007.
300 _a201 páginas :
_bilustraciones ;
_c21 centímetros
336 _atext
_2rdacontent
337 _aunmediated
_2rdamedia
338 _avolume
_2rdacarrier
505 0 _aTeoría. -Vocabulario. -Agrupamiento y zonificación funcionales. -Espacio arquitectónico. -La circulación y la forma del edificio. -Respuesta al contexto. -La envoltura del edificio.
526 _aP158
526 _aP146
526 _aP17
526 _aP12
526 _aP06
541 _g015-0010011;
650 0 4 _aArquitectura
_xDiseños y planos
_vManuales.
942 _2ddc
_cBOOK
949 _a720.284 W55
_wDEWEY
_c1
_i59342
_d2016-11-6
_e2016-11-3
_lCCODEBUL1
_mBUL
_n13
_p32.00
_r0
_sY
_tBOOK
_u2015-6-25
_xINGENIERIA
_PP06
_0COMPRA
_o.STAFF. Colección General
949 _a720.284 W55
_wDEWEY
_c2
_i70666
_d2016-9-20
_e2016-9-20
_lCCODEBUL1
_mBUL
_n5
_p32.00
_r0
_sY
_tBOOK
_u2015-7-30
_xINGENIERIA
_PP06
_0COMPRA
_o.STAFF. Colección General
994 _aC0
_bPEPRU
596 _a1
999 _a720.284 W55
_wDEWEY
_c48131
_i59342
_d48131
_e2019-10-18
_f2021-11-9
_g6
_lCCODEBUL1
_mBUL
_n30
_p32.00
_q10
_r0
_sY
_tBOOK
_u2015-6-25
_xINGENIERIA
_PP06
_0COMPRA
_o.STAFF. Colección General
999 _a720.284 W55
_wDEWEY
_c2
_i70666
_d2019-6-6
_e2019-6-2
_f2021-11-9
_g6
_lCCODEBUL1
_mBUL
_n21
_p32.00
_q3
_r0
_sY
_tBOOK
_u2015-7-30
_xINGENIERIA
_PP06
_0COMPRA
_o.STAFF. Colección General
980 _81
_gALBERTO SANCHEZ Responsable de Automatización